Средства вычислительной техники: номенклатурный справочник

Dades bibliogràfiques
Altres autors: Морозова И. Н. (составитель)
Sumari:Исключено из фонда НТБ ТПУ
Idioma:rus
Publicat: Москва, ЦНИИТЭИприборостроения, 1981
Format: MixedMaterials Llibre
KOHA link:https://koha.lib.tpu.ru/cgi-bin/koha/opac-detail.pl?biblionumber=135454

MARC

LEADER 00000nam0a2200000 4500
001 135454
005 20231031140102.0
035 |a (RuTPU)RU\TPU\book\146802 
035 |a RU\TPU\book\146798 
090 |a 135454 
100 |a 20080410d1981 k y0rusy50 ca 
101 0 |a rus 
102 |a RU 
105 |a y b 000zy 
200 1 |a Средства вычислительной техники  |e номенклатурный справочник  |f сост. И. Н. Морозова 
210 |a Москва  |c ЦНИИТЭИприборостроения  |d 1981 
215 |a 95 с. 
333 |a Исключено из фонда НТБ ТПУ 
702 1 |a Морозова  |b И. Н.  |4 220 
801 1 |a RU  |b 63413507  |c 20080410  |g PSBO 
801 2 |a RU  |b 63413507  |c 20220620  |g PSBO 
942 |c BK